99 plus grandes villes de France métropolitaine (Hors île-de-France) - Statistiques

Statistiques générales
  • Ce quiz a été pris 41 fois
    25 depuis la dernière actualisation
  • Le résultat moyen est 73 sur 99
Réponses sur la Carte
Les réponses sont colorées sur une échelle allant du rouge au vert en fonction du pourcentage des utilisateurs qui les ont devinées à leur premier essai. Vous pouvez retrouver ces pourcentages ci-dessous.
 
Statistiques - réponses
Ville Habitants % Correct
Angers 157 175
100%
Bordeaux 261 804
100%
Brest 139 619
100%
Dunkerque 86 788
100%
Grenoble 157 477
100%
Lille 236 710
100%
Lyon 522 250
100%
Marseille 873 076
100%
Nantes 323 204
100%
Nice 348 085
100%
Nîmes 148 104
100%
Rennes 225 081
100%
Saint-Étienne 172 718
100%
Strasbourg 291 313
100%
Toulouse 504 078
100%
Cannes 73 255
95%
Le Havre 166 058
95%
Limoges 129 760
95%
Lorient 57 846
95%
Montpellier 302 454
95%
Mulhouse 106 341
95%
Perpignan 119 656
95%
Reims 179 380
95%
Aix-en-Provence 147 478
89%
Ajaccio 73 822
89%
Annecy 131 715
89%
Caen 108 200
89%
Calais 72 929
89%
Clermont-Ferrand 147 327
89%
Dijon 159 346
89%
La Roche-sur-Yon 54 952
89%
Metz 120 874
89%
Nancy 104 260
89%
Orléans 116 617
89%
Rouen 114 077
89%
Toulon 180 452
89%
Valence 64 483
89%
Amiens 133 625
84%
Avignon 90 330
84%
Bayonne 52 749
84%
Besançon 119 198
84%
La Rochelle 78 535
84%
Pau 77 066
84%
Poitiers 90 240
84%
Tours 137 658
84%
Troyes 62 782
84%
Béziers 80 341
79%
Colmar 67 730
79%
Hyères 55 103
79%
Roubaix 98 892
79%
Antibes 75 130
74%
Bourges 63 702
74%
Carcassonne 46 218
74%
Chambéry 59 856
74%
Fréjus 57 082
74%
Laval 49 657
74%
Le Mans 145 004
74%
Tourcoing 99 011
74%
Vannes 54 420
74%
Villeurbanne 156 928
74%
Mérignac 75 729
68%
Niort 59 309
68%
Quimper 63 642
68%
Saint-Malo 47 323
68%
Valenciennes 42 991
68%
Albi 49 714
63%
Aubagne 47 278
63%
Charleville-Mézières 46 398
63%
Martigues 48 568
63%
Montauban 61 919
63%
Narbonne 56 395
63%
Arles 50 415
58%
Blois 46 813
58%
Cherbourg-en-Cotentin 77 808
58%
La Seyne-sur-Mer 62 763
58%
Vénissieux 66 363
58%
Beauvais 56 677
53%
Pessac 66 760
53%
Saint-Nazaire 72 057
53%
Saint-Quentin 52 944
53%
Vaulx-en-Velin 52 139
53%
Villeneuve-d'Ascq 62 067
53%
Châlons-en-Champagne 43 877
47%
Évreux 47 289
47%
Grasse 48 323
47%
Saint-Brieuc 44 224
47%
Tarbes 43 955
47%
Cholet 53 936
42%
Saint-Herblain 49 537
42%
Sète 44 712
42%
Alès 43 892
37%
Castres 42 672
37%
Saint-Priest 48 822
37%
Brive-la-Gaillarde 46 599
32%
Cagnes-sur-Mer 52 580
32%
Chalon-sur-Saône 45 094
26%
Rezé 42 998
26%
Caluire-et-Cuire 43 572
21%
Talence 45 225
11%
Aucun quiz correspondant
Distribution des résultats
% des personnes avec chaque résultat
Percentile par nombre de réponses
Votre historique - résultats
Vous n’avez pas pris ce quiz depuis la dernière actualisation